000 01353cam a2200373 i 4500
001 11848418
003 ASAB
005 20180827062639.0
008 150630s2015 pk b 001 0 eng
010 _a 2015326661
020 _a9789695623732
020 _a9695623735
025 _aP-E-2015326661; 33
035 _a(OCoLC)ocn913514566
035 _a(OCoLC)913514566
035 _a(NNC)11848418
037 _bLibrary of Congress -- Islamabad Overseas Office
_cRs 695.00
040 _aDLC
_beng
_erda
_cASAB
_dOCLCF
_dWAU
_dUIU
_dGZM
042 _alcode
043 _aa-pk---
050 0 0 _aPK2199.I65
_bZ585855 2015
245 0 0 _aAllama Iqbal :
_bas reported in the Police Abstract of Intelligence, Punjab 1904-1935 /
_ccompiled & edited by Dr. Nadeem Shafiq Malik.
300 _a208 pages ;
_c24 cm
500 _aIncludes index.
504 _aIncludes bibliographical references and index.
600 1 0 _aIqbal, Muhammad,
_cSir,
_d1877-1938
_vSources.
_91921
650 0 _aPolice
_zPakistan
_zPunjab
_xHistory
_y20th century
_vSources.
_91922
700 1 _aMalik, Nadeem Shafiq,
_ecompiler,
_eeditor.
_91923
730 0 _aPolice abstract of intelligence, Punjab.
_91924
856 4 1 _3Table of contents only
_uhttps://www.loc.gov/catdir/toc/fy16pdf03/2015326661.html
942 _2ddc
_cBK
948 1 _a20160322
_bc
_csds12
_dMPS
999 _c480125
_d480125